LEADER 01193nam a2200265 4500 001 000000352891 003 CaOOAMICUS 005 20230209111832.0 008 230208s2021 it a 000 u ita r 020 $a978-88-6184-814-6 040 $aSeMil$bita 100 1 $aPalmisano, Stefania.$0(OLS)http://semarc/name/117118 245 10$aReligione sotto spirito :$bviaggio nelle nuove spiritualità /$cStefania Palmisano, Nicola Pannofino. 264 1$aFirenze :$bMondadori Università,$c2021. 300 $aXXI, 178 p. :$bill. ;$c21 cm 490 1 $aSaggi oltre 650 4$aSpiritualità - Pluralismo.$0(OLS)http://semarc/subject/43887 700 1 $aPannofino, Nicola,$d<1975- >.$0(OLS)http://semarc/name/117119 830 0$aSaggi oltre.$0(OLS)http://semarc/title/442838 850 $aSeMil 852 $aSeMil$W1$xVenegono$y1$m2C II 493$j237107$B244124$CSeMilBibl$Z2$F244124 $81 996 $6020$a978-88-6184-814-6$9(OLS)http://semarc/number/297617 996 $6245$aReligione sotto spirito :$bviaggio nelle nuove spiritualità$9(OLS)http://semarc/title/442837 996 $6264$aFirenze :$bMondadori Università$9(OLS)http://semarc/publisher/56681 LEADER 00924nam a2200217 i 4500 001 000000066260 003 CaOOAMICUS 005 20080731000000.0 008 080731s1937 gw u000 u lat u 013 $a37432 040 $aSeMil$bita 100 1 $aGredt, Joseph,$c.$0(OLS)http://semarc/name/632 245 10$aMetaphysica ; Ethica /$cauctore Iosepho Gredt. 250 $aEd. septima recognita. 260 $aFriburgi Brisgoviae :$bHerder & Co.,$c1937. 300 $aXVI, 470 p. ;$c24 cm. 773 0 $aGredt, Joseph $tElementa philosophiae aristotelico-thomisticae.$bEditio septima recognita.$dFriburgi Brisgoviae : Herder & Co., 1937.$g2$w()779 850 $aSeMil 852 $aSeMil$W1$xVenegono$y1$m2P IV 671$j32413$B32413$CSeMilBibl$Z2$F32416 $81 996 $6245$aMetaphysica ; Ethica$9(OLS)http://semarc/title/105354 996 $6260$aFriburgi Brisgoviae :$bHerder & Co.$9(OLS)http://semarc/publisher/30009 LEADER 01211nam a2200289 i 4500 001 000000127961 003 CaOOAMICUS 005 20220323145139.0 008 070528s1989 it u000 u ita u 013 $a100678 020 $a88-215-1708-X 040 $aSeMil$bita 100 1 $aCaronti, Luigi.$0(OLS)http://semarc/name/46412 245 10$aFogazzaro, Subiaco e «il Santo» /$cLuigi Caronti ; [Documentazione fotografica di Pino Bonifazio ]. 260 $aCinisello Balsamo (Milano) :$bPaoline,$c1989. 300 $a317 p., [24] p. di tav. ;$c21 cm. 500 $aContiene : Fonti e bibliografia. - Fondo card. C.M. Martini. 700 1 $aBonifazio, Pino.$0(OLS)http://semarc/name/53244 830 3$aLe opere, i giorni ;$v5.$0(OLS)http://semarc/title/23628 850 $aSeMil 852 $aSeMil$W1$xVenegono$y1$m1O III 58$j82205$B82205$CSeMilBibl$Z2$F124518 $81 941 1 $a4 961 $aOmaggio: Martini Card. Carlo Maria 996 $6020$a88-215-1708-X$9(OLS)http://semarc/number/114492 996 $6245$aFogazzaro, Subiaco e «il Santo»$9(OLS)http://semarc/title/188983 996 $6260$aCinisello Balsamo (Milano) :$bPaoline$9(OLS)http://semarc/publisher/31197 LEADER 00806nam a2200217 i 4500 001 000000049445 003 CaOOAMICUS 005 20260312121838.0 008 070423s1966 it u000 u ita u 013 $a20616 040 $aSeMil$bita 245 10$a1 /$cWolfgang Trilling. 260 $aRoma :$bCittà Nuova,$c1966. 300 $a256 p. 773 0 $aTrilling, Wolfgang <1925- >$tVangelo secondo Matteo.$dRoma : Città Nuova, 1964.$kCommenti spirituali del Nuovo Testamento$g1$w()17703 850 $aSeMil 852 $aSeMil$W1$xVenegono$y1$m2Z II 195$j15600$B15600$CSeMilBibl$Z2$F15600 $81 961 $aOmaggio: Colombo don Umberto 996 $6245$a1$9(OLS)http://semarc/title/46247 996 $6260$aRoma :$bCittà Nuova$9(OLS)http://semarc/publisher/29609